Sneaker Quiz (Easy) - Statistics

General Stats
  • This quiz has been taken 472 times
  • The average score is 2 of 10
Answer Stats
Hint Answer % Correct
The 'Space Jam' Jordans are Air Jordan 13s, True or False? False
91%
What footwear technology is encompassed inside Kayne West's Yeezy line? Boost
56%
Name This Jordan: Air Jordan 1 'R**a*s' Jordan 1 Royals
28%
What Japanese sneaker company is now popular in the West? Asics
16%
Which rapper is signed with sneaker company Reebok? Kendrick Lamar
16%
What Air Jordan was the first to encompass a carbon springplate on the bottom of the shoe? Air Jordan 11
13%
A sneaker pack was released on the day of Kobe Bryant's last game. What was the name of it? Fade To Black Pack
10%
What was considered to be the first ever basketball sneaker before Jordans? Chuck Taylor Converse
3%
In the feature film Do The Right Thing, what Air Jordan is stepped on by a pedestrian? Air Jordan 4 Cement
1%
Name This Jordan: Air Jordan * F*a* Air Jordan 4 Fear
1%
No matching quizzes found
Score Distribution
Percent of People with Each Score
Percentile by Number Answered
Your Score History
You have not taken this quiz